00443nam a2200121Ia 4500008004100000100003500041245003400076245004400110260000900154856006600163999001900229952007300248160531s9999 xx 000 0 und d aGowder, Sivakumar Joghi Thatha aPharmacology and Therapeutics cEdited by Sivakumar Joghi Thatha Gowder c2014 uhttp://www.intechopen.com/books/pharmacology-and-therapeutics c295369d295369 001040aCLbCLd2016-05-31l0r2016-05-31 00:00:00w2016-05-31yCBE